Statistiques concernant Ça s'est passé en 1997

Cliquez ici pour prendre le quiz!

Statistiques générales

  • Ce quiz a été pris 86 fois
  • Le résultat moyen est 10 sur 18

Statistiques - réponses

% Correct
Président français ayant dissous l'Assemblée NationaleJacques Chirac
92%
Première brebis clonée présentée en AngleterreDolly
80%
Groupe féminin anglais N°1 des ventes aux Etats-UnisThe Spice Girls
80%
Réalisateur du film TitanicJames Cameron
78%
Fusée Européenne envoyée de Guyane (numéro V)Ariane
73%
Doyenne de l'humanité, décédée le 4 aoûtJeanne Calment
72%
Lieu de l'accident de Lady Diana à ParisPont de l'Alma
70%
Ancienne colonie anglaise rétrocédée à la ChineHong Kong
67%
Prénom de Papon, en procès pour Crime contre l'HumanitéMaurice
62%
Premier Ministre élu au Royaume UniTony Blair
61%
Premier ministre français de la cohabitationLionel Jospin
59%
Emission pour enfants arrêtée sur TF1 après 10 ans d'antennele Club Dorothée
57%
Champion du monde d'échecs battu par un ordinateur IBMGary Kasparov
48%
Cycliste allemand ayant remporté le Tour de FranceJan Ullrich
44%
Ghanéen nommé secrétaire Général des Nations UniesKofi Annan
33%
Pays dans lequel régnait Mobutu, dictateur en fuiteZaïre
25%
Secrétaire général du Parti Communiste chinois, décédé le 19 févrierDeng Xiaoping
15%
Acteur principal jouant le rôle de László Almásy, le Patient AnglaisRalf Fiennes
14%

Distribution des résultats

Percentile by Number Answered

% des personnes avec chaque résultat

Votre développement - résultats

Vous n’avez pas pris ce quiz